Os 15 principais países afetados pela Covid-19 - 8 de julho - Statistics

Estatísticas Gerais
  • Esse quiz foi jogado 7 vezes
  • A pontuação média é 10 de 25
Estatísticas das Respostas
país % Correto
Brasil
100%
Espanha
86%
Estados Unidos
86%
Irão
86%
Itália
86%
México
86%
Reino Unido
86%
Rússia
86%
África do Sul
57%
Índia
43%
Paquistão
43%
Suécia
43%
Turquia
43%
Chile
29%
Chile
29%
Peru
29%
Arábia Saudita
14%
Panamá
14%
Armênia
0%
Bahrein
0%
Bielorrússia
0%
Catar
0%
Kuweit
0%
Omã
0%
Singapura
0%
Nenhum quiz correspondente encontrado
Distribuição das Pontuações
Porcentagem de Pessoas com Cada Pontuação
Percentil de Números Respondidos
Sua Pontuação Histórica
Você não jogou esse quiz